[Event "Mittelfranken-chTB2a 1819"]
[Site "Mittelfranken"]
[Date "2019.04.28"]
[Round "9.6"]
[White "Heller, Michael"]
[Black "Dyroff, Roland"]
[Result "1-0"]
[WhiteElo "1714"]
[BlackElo "1717"]
[PlyCount "43"]
[EventDate "2018.10.14"]
[EventType "team-tourn"]
[EventRounds "9"]
[EventCountry "GER"]
[SourceTitle "EXT 2022"]
[Source "ChessBase"]
[SourceDate "2021.10.06"]
[SourceVersion "1"]
[SourceVersionDate "2021.10.06"]
[SourceQuality "1"]
[WhiteTeam "Buechenbach/Roth II"]
[BlackTeam "Nuernberg Sued SW IV"]
[WhiteTeamCountry "GER"]
[BlackTeamCountry "GER"]

1. d4 Nf6 2. c4 g6 3. Nc3 Bg7 4. e4 d6 5. Be2 0-0 6. Nf3 Nfd7 7. 0-0 e5 8. d5 Nc5 9. b4 Nxe4 10. Nxe4 f5 11. Ng3 e4 12. Nd4 Qe7 13. Rb1 f4 14. Nh1 Qf6 15. Bb2 Qg5 16. Re1 Bh3 17. Bf1 f3 18. Ng3 fxg2 19. Bxg2 Bxg2 20. Kxg2 Qf4 21. Rf1 Bxd4 22. Qxd4 1-0

[Event "Mittelfranken-chTB2a 1819"]
[Site "Mittelfranken"]
[Date "2019.03.31"]
[Round "8.5"]
[White "Heller, Michael"]
[Black "Ramisch, Franz"]
[Result "0-1"]
[WhiteElo "1714"]
[BlackElo "1810"]
[PlyCount "52"]
[EventDate "2018.10.14"]
[EventType "team-tourn"]
[EventRounds "9"]
[EventCountry "GER"]
[SourceTitle "EXT 2022"]
[Source "ChessBase"]
[SourceDate "2021.10.06"]
[SourceVersion "1"]
[SourceVersionDate "2021.10.06"]
[SourceQuality "1"]
[WhiteTeam "Buechenbach/Roth II"]
[BlackTeam "Dinkelsbuehl"]
[WhiteTeamCountry "GER"]
[BlackTeamCountry "GER"]

1. d4 d5 2. c4 e6 3. Nc3 Nf6 4. e3 Be7 5. Bd3 dxc4 6. Bxc4 0-0 7. Nge2 a6 8. a3 b5 9. Bd3 Bb7 10. 0-0 c5 11. dxc5 Bxc5 12. b4 Bd6 13. Bb2 Bxh2+ 14. Kxh2 Ng4+ 15. Kh3 Qg5 16. Be4 Qh5+ 17. Kg3 Qh2+ 18. Kxg4 f5+ 19. Kf3 fxe4+ 20. Kg4 h5+ 21. Kg5 Rf5+ 22. Kg6 Rf6+ 23. Kg5 Kh7 24. Ng3 Rg6+ 25. Kf4 Qh4+ 26. Ke5 Nc6+ 0-1

[Event "Mittelfranken-chTB2a 1819"]
[Site "Mittelfranken"]
[Date "2018.10.14"]
[Round "1.6"]
[White "Belich, Walter"]
[Black "Heller, Michael"]
[Result "1-0"]
[WhiteElo "1898"]
[BlackElo "1714"]
[PlyCount "55"]
[EventDate "2018.10.14"]
[EventType "team-tourn"]
[EventRounds "9"]
[EventCountry "GER"]
[SourceTitle "EXT 2022"]
[Source "ChessBase"]
[SourceDate "2021.10.06"]
[SourceVersion "1"]
[SourceVersionDate "2021.10.06"]
[SourceQuality "1"]
[WhiteTeam "Cadolzburg"]
[BlackTeam "Buechenbach/Roth II"]
[WhiteTeamCountry "GER"]
[BlackTeamCountry "GER"]

1. c4 c5 2. g3 Nc6 3. Bg2 e6 4. Nf3 Be7 5. Nc3 Nf6 6. d4 cxd4 7. Nxd4 a6 8. 0-0 0-0 9. e4 Qc7 10. Be3 Nxd4 11. Qxd4 Ng4 12. Bf4 e5 13. Nd5 Qd6 14. Qd1 exf4 15. Qxg4 fxg3 16. fxg3 Bd8 17. Rad1 Qe5 18. Qe2 Qg5 19. c5 Rb8 20. Bh3 Re8 21. Rfe1 f5 22. Bxf5 h5 23. Qc4 Kh8 24. Nf4 Bc7 25. Qf7 Rd8 26. Ng6+ Kh7 27. Kg2 Ba5 28. Rh1 1-0

[Event "Mittelfranken-chTB2b 1314"]
[Site "Mittelfranken"]
[Date "2014.03.09"]
[Round "7.2"]
[White "Heller, Michael"]
[Black "Miederer, Karl"]
[Result "0-1"]
[WhiteElo "1726"]
[BlackElo "1696"]
[PlyCount "44"]
[EventDate "2013.10.20"]
[EventType "team-tourn"]
[EventRounds "9"]
[EventCountry "GER"]
[SourceTitle "EXT 2020"]
[Source "ChessBase"]
[SourceDate "2019.10.17"]
[SourceVersion "1"]
[SourceVersionDate "2019.10.17"]
[SourceQuality "1"]
[WhiteTeam "Buechenbach/Roth III"]
[BlackTeam "Uttenreuth"]
[WhiteTeamCountry "GER"]
[BlackTeamCountry "GER"]

1. c4 e5 2. Nc3 b6 3. e4 Bb7 4. d3 Nc6 5. Nf3 Nf6 6. Be2 Bc5 7. h3 0-0 8. Bg5 Be7 9. 0-0 h6 10. Be3 d6 11. a3 Qd7 12. b4 Bd8 13. Qd2 Ne7 14. Nh2 Ng6 15. a4 Nh7 16. Bg4 Qe8 17. Bf5 Nh4 18. Bxh7+ Kxh7 19. f4 f5 20. fxe5 dxe5 21. exf5 Bxg2 22. Rfe1 Rxf5 0-1

[Event "Mittelfranken-chTB2b 1314"]
[Site "Mittelfranken"]
[Date "2014.01.12"]
[Round "4.2"]
[White "Hanisch, Friedrich"]
[Black "Heller, Michael"]
[Result "1-0"]
[WhiteElo "2054"]
[BlackElo "1726"]
[PlyCount "82"]
[EventDate "2013.10.20"]
[EventType "team-tourn"]
[EventRounds "9"]
[EventCountry "GER"]
[SourceTitle "EXT 2020"]
[Source "ChessBase"]
[SourceDate "2019.10.17"]
[SourceVersion "1"]
[SourceVersionDate "2019.10.17"]
[SourceQuality "1"]
[WhiteTeam "Lauf SV"]
[BlackTeam "Buechenbach/Roth III"]
[WhiteTeamCountry "GER"]
[BlackTeamCountry "GER"]

1. d4 d5 2. c4 e6 3. Nc3 Be7 4. Nf3 Nf6 5. Bf4 dxc4 6. e3 0-0 7. Bxc4 c6 8. 0-0 b5 9. Bd3 Bb7 10. Rc1 a6 11. Ne4 Nbd7 12. a3 Nd5 13. Bg3 N7f6 14. Nc5 Bxc5 15. dxc5 Ne8 16. e4 Ne7 17. Qc2 Ng6 18. h4 e5 19. Nxe5 Nxe5 20. Bxe5 Qxh4 21. Bg3 Qg5 22. Rfd1 g6 23. Qd2 Qxd2 24. Rxd2 Ng7 25. Rcd1 Ne6 26. Bd6 Rfe8 27. Be2 h5 28. f4 Ng7 29. Bf3 Re6 30. Be5 Rae8 31. Rd8 a5 32. Bc3 a4 33. Rxe8+ Rxe8 34. Rd7 Ba8 35. Be5 Ne6 36. Bd6 Nd4 37. Bd1 Ne6 38. Kf2 Rd8 39. Ra7 Nf8 40. b3 axb3 41. Bxb3 Nd7 1-0

[Event "Mittelfranken-chTB2a 1112"]
[Site "Germany"]
[Date "2012.01.15"]
[Round "5.8"]
[White "Heller, Michael"]
[Black "Ditt, Norbert"]
[Result "1-0"]
[WhiteElo "1685"]
[BlackElo "1625"]
[PlyCount "171"]
[EventDate "2011.09.25"]
[EventType "team-tourn"]
[EventRounds "9"]
[EventCountry "GER"]
[SourceTitle "EXT 2013"]
[Source "ChessBase"]
[SourceDate "2012.11.22"]
[SourceVersion "1"]
[SourceVersionDate "2012.11.22"]
[SourceQuality "1"]
[WhiteTeam "Buechenbach/Roth III"]
[BlackTeam "Ansbach"]
[WhiteTeamCountry "GER"]
[BlackTeamCountry "GER"]

1. c4 c5 2. Nc3 e6 3. Nf3 Nc6 4. g3 Nf6 5. Bg2 g6 6. 0-0 Bg7 7. d4 cxd4 8. Nxd4 0-0 9. Ndb5 Ne8 10. e3 a6 11. Nd4 Ne5 12. b3 Rb8 13. Ba3 d6 14. f4 Nd7 15. Rb1 Qa5 16. Qc1 e5 17. Nde2 b5 18. cxb5 axb5 19. Nd5 Qd8 20. Qc6 Bb7 21. Qxb5 Ba8 22. Qd3 Nb6 23. Nxb6 Bxg2 24. Kxg2 Qxb6 25. Rfd1 Rd8 26. Nc3 exf4 27. exf4 Qc6+ 28. Nd5 Qa8 29. b4 Nf6 30. Qf3 Nxd5 31. Rxd5 Qc6 32. Rd2 Qb5 33. Qd5 Qa6 34. Rb3 Rfe8 35. b5 Qc8 36. Bb2 Qg4 37. Qf3 Qe6 38. Bxg7 Kxg7 39. Rbb2 Qf5 40. Re2 Re6 41. Rxe6 Qxe6 42. a4 d5 43. Qc3+ d4 44. Qd3 Qd5+ 45. Kf2 Rc8 46. Qe2 d3 47. Qe3 Rc2+ 48. Rxc2 dxc2 49. Qc3+ Kg8 50. Qxc2 Qd4+ 51. Ke2 Qb4 52. Kd3 Qa3+ 53. Kc4 h6 54. Qb3 Qd6 55. Qe3 Qc7+ 56. Qc5 Qa5 57. Qc8+ Kg7 58. Qa6 Qd2 59. h4 h5 60. Qa7 Qa2+ 61. Kd3 Qb1+ 62. Ke2 Qc2+ 63. Ke3 Qc1+ 64. Ke4 Qh1+ 65. Ke5 Qe1+ 66. Kd5 Qe6+ 67. Kd4 Qd6+ 68. Ke3 Qa3+ 69. Kd2 Qb2+ 70. Kd3 Qb1+ 71. Ke2 Qc2+ 72. Kf3 Qb3+ 73. Qe3 Qxa4 74. b6 Qc6+ 75. Ke2 Kg8 76. Kd3 Qb5+ 77. Kc2 Qc6+ 78. Kb2 Qf6+ 79. Kb3 Qc6 80. Kb4 Kh7 81. Qc5 Qe4+ 82. Kb5 Qe8+ 83. Qc6 Qe2+ 84. Kc5 Qc2+ 85. Kd6 Qd3+ 86. Kc7 1-0

[Event "Mittelfranken-chTB2a 1011"]
[Site "Germany"]
[Date "2010.09.26"]
[Round "1.6"]
[White "Diller, Peter"]
[Black "Heller, Michael"]
[Result "1-0"]
[WhiteElo "1842"]
[BlackElo "1719"]
[PlyCount "51"]
[EventDate "2010.09.26"]
[EventType "team-tourn"]
[EventRounds "9"]
[EventCountry "GER"]
[SourceTitle "EXT 2012"]
[Source "ChessBase"]
[SourceDate "2011.11.24"]
[SourceVersion "1"]
[SourceVersionDate "2011.11.24"]
[SourceQuality "1"]
[WhiteTeam "Rothenburg/Tauber"]
[BlackTeam "Buechenbach/Roth III"]
[WhiteTeamCountry "GER"]
[BlackTeamCountry "GER"]

1. e4 c5 2. f4 e6 3. Nf3 Nc6 4. Nc3 g6 5. Be2 Bg7 6. d3 Nge7 7. 0-0 a6 8. Qe1 Nd4 9. Bd1 0-0 10. Ne2 Nec6 11. c3 Nxe2+ 12. Qxe2 d5 13. Bb3 Na5 14. Bc2 Bd7 15. Qf2 Rc8 16. Be3 b6 17. Rad1 Nc6 18. d4 c4 19. exd5 exd5 20. f5 Bf6 21. Ne5 g5 22. Qg3 h6 23. h4 Qc7 24. hxg5 Bxe5 25. dxe5 Qxe5 26. Bf4 1-0

[Event "Mittelfrankenliga-B1 0708"]
[Site "Mittelfranken"]
[Date "2008.04.13"]
[Round "8.8"]
[White "Wissmeier, Bernd"]
[Black "Heller, Michael"]
[Result "1-0"]
[WhiteElo "1935"]
[BlackElo "1724"]
[PlyCount "131"]
[EventDate "2007.10.14"]
[EventType "team-tourn"]
[EventRounds "9"]
[EventCountry "GER"]
[SourceTitle "EXT 2011"]
[Source "ChessBase"]
[SourceDate "2010.11.26"]
[SourceVersion "1"]
[SourceVersionDate "2010.11.26"]
[SourceQuality "1"]
[WhiteTeam "Nuernberg SK 1911"]
[BlackTeam "Buechenbach/Roth"]
[WhiteTeamCountry "GER"]
[BlackTeamCountry "GER"]

1. e4 c5 2. Nf3 Nc6 3. d4 cxd4 4. Nxd4 g6 5. Nc3 Bg7 6. Be3 Nf6 7. Be2 0-0 8. 0-0 a6 9. f4 Qb6 10. e5 Ne8 11. Qd2 Qd8 12. Bf3 Nxd4 13. Bxd4 d6 14. Be3 Qa5 15. Nd5 Qxd2 16. Nxe7+ Kh8 17. Bxd2 dxe5 18. fxe5 Bxe5 19. c3 Nd6 20. Rae1 f6 21. Nd5 Bf5 22. Bh6 Rf7 23. Bf4 Nc4 24. b3 Bxf4 25. Nxf4 Nd2 26. Bd5 Rd7 27. Rf2 Nb1 28. c4 Nc3 29. h3 Nxd5 30. Nxd5 Rf7 31. g4 Bd7 32. Rxf6 Raf8 33. Rxf7 Rxf7 34. Rf1 Kg7 35. Rxf7+ Kxf7 36. Kf2 Ke6 37. Ke3 Ke5 38. Nf4 Bc8 39. Nd3+ Kf6 40. Kf4 h5 41. g5+ Ke6 42. Ne5 Kd6 43. Nxg6 Bxh3 44. Ne5 Ke6 45. Nd3 Bg2 46. Kg3 Bc6 47. Kh4 Bf3 48. Nf4+ Kf7 49. Nxh5 Be4 50. c5 Bb1 51. a3 a5 52. Nf4 Ba2 53. b4 axb4 54. axb4 Ke7 55. Kh5 Kd7 56. g6 Kc6 57. g7 Kb5 58. Nd3 Bg8 59. Kg6 Kc4 60. Ne5+ Kxb4 61. Nf7 Kxc5 62. Nh6 Bc4 63. Nf7 Kb4 64. g8Q Ka3 65. Qa8+ Ba6 66. Nd6 1-0

[Event "Mittelfrankenliga-B2b 0708"]
[Site "Mittelfranken"]
[Date "2008.02.17"]
[Round "6.5"]
[White "Heller, Michael"]
[Black "Korth, Manfred"]
[Result "1/2-1/2"]
[WhiteElo "1724"]
[BlackElo "1752"]
[PlyCount "102"]
[EventDate "2007.10.14"]
[EventType "team-tourn"]
[EventRounds "9"]
[EventCountry "GER"]
[SourceTitle "EXT 2011"]
[Source "ChessBase"]
[SourceDate "2010.11.26"]
[SourceVersion "1"]
[SourceVersionDate "2010.11.26"]
[SourceQuality "1"]
[WhiteTeam "Buechenbach/Roth II"]
[BlackTeam "Heideck/Hilpoltstein"]
[WhiteTeamCountry "GER"]
[BlackTeamCountry "GER"]

1. c4 c6 2. Nc3 d5 3. d4 Nf6 4. e3 Bg4 5. Be2 Bxe2 6. Qxe2 dxc4 7. Qxc4 e6 8. f4 Nbd7 9. Nf3 Be7 10. 0-0 0-0 11. Rd1 Qc8 12. b4 a5 13. b5 Nb6 14. Qe2 Bb4 15. Rd3 Nbd5 16. Nxd5 Nxd5 17. bxc6 Qxc6 18. Ba3 Qa6 19. Bxb4 Nxb4 20. Rd2 Qxe2 21. Rxe2 Rfc8 22. a3 Nd5 23. g3 Rc3 24. Kf2 Rb3 25. Nd2 Rd3 26. Nc4 f6 27. a4 Ra6 28. Rc1 Nc3 29. Rec2 Nxa4 30. Ra1 b5 31. Nb2 Rc3 32. Rd2 Nb6 33. Nd1 Rb3 34. Rb2 Rxb2+ 35. Nxb2 Kf8 36. Nd3 Ke7 37. Nb4 Ra8 38. Nc6+ Kd7 39. Nxa5 Nc4 40. Nb3 Rxa1 41. Nxa1 Kc6 42. e4 Nd2 43. e5 b4 44. Nc2 b3 45. Nb4+ Kb5 46. Nd3 Nc4 47. f5 fxe5 48. fxe6 Kc6 49. e7 Kd7 50. Nc5+ Kxe7 51. Nxb3 exd4 1/2-1/2

[Event "Mittelfrankenliga-B2b 0708"]
[Site "Mittelfranken"]
[Date "2008.01.27"]
[Round "5.5"]
[White "Dehm, Tobias"]
[Black "Heller, Michael"]
[Result "1/2-1/2"]
[WhiteElo "1743"]
[BlackElo "1724"]
[PlyCount "81"]
[EventDate "2007.10.14"]
[EventType "team-tourn"]
[EventRounds "9"]
[EventCountry "GER"]
[SourceTitle "EXT 2011"]
[Source "ChessBase"]
[SourceDate "2010.11.26"]
[SourceVersion "1"]
[SourceVersionDate "2010.11.26"]
[SourceQuality "1"]
[WhiteTeam "Bad Windsheim"]
[BlackTeam "Buechenbach/Roth II"]
[WhiteTeamCountry "GER"]
[BlackTeamCountry "GER"]

1. e4 c5 2. Nf3 Nc6 3. d4 cxd4 4. Nxd4 g6 5. Nc3 Bg7 6. Be3 d6 7. Be2 Nf6 8. f3 a6 9. Qd2 Bd7 10. 0-0 0-0 11. g4 Nxd4 12. Bxd4 Bc6 13. g5 Ne8 14. Rad1 Bxd4+ 15. Qxd4 e5 16. Qe3 Qa5 17. Bc4 Kg7 18. Kh1 Rd8 19. Rd2 b5 20. Bb3 b4 21. Nd5 Qc5 22. Rfd1 Qxe3 23. Nxe3 Bb5 24. Bc4 Bxc4 25. Nxc4 Rc8 26. b3 f6 27. gxf6+ Rxf6 28. Kg2 Kf7 29. Nb6 Rc6 30. Nd5 Re6 31. Nxb4 Rb6 32. Nd5 Rc6 33. c4 Nf6 34. Kf2 a5 35. Ke3 g5 36. Nxf6 Rxf6 37. Rd5 a4 38. b4 Rxc4 39. Rxd6 Rxd6 40. Rxd6 Rxb4 41. Rd2 1/2-1/2

[Event "Mittelfrankenliga-B2b 0708"]
[Site "Mittelfranken"]
[Date "2007.11.25"]
[Round "3.5"]
[White "Heller, Michael"]
[Black "Wirth, Karl Heinz"]
[Result "1-0"]
[WhiteElo "1724"]
[BlackElo "1731"]
[PlyCount "81"]
[EventDate "2007.10.14"]
[EventType "team-tourn"]
[EventRounds "9"]
[EventCountry "GER"]
[SourceTitle "EXT 2011"]
[Source "ChessBase"]
[SourceDate "2010.11.26"]
[SourceVersion "1"]
[SourceVersionDate "2010.11.26"]
[SourceQuality "1"]
[WhiteTeam "Buechenbach/Roth II"]
[BlackTeam "Muehlhof"]
[WhiteTeamCountry "GER"]
[BlackTeamCountry "GER"]

1. c4 Nf6 2. Nc3 e5 3. e3 Bb4 4. Nge2 0-0 5. g3 Nc6 6. a3 d5 7. cxd5 Bxc3 8. Nxc3 Nxd5 9. Bg2 Nxc3 10. bxc3 Bf5 11. d4 exd4 12. cxd4 Re8 13. 0-0 Qf6 14. Qb3 Rab8 15. Bb2 Qg6 16. Rac1 Qd6 17. Rc5 Ne7 18. e4 Be6 19. Qc3 f6 20. d5 Bf7 21. Bc1 b6 22. Rxc7 Rbc8 23. Rxc8 Rxc8 24. Qd3 Be8 25. Bh3 Rc5 26. Bf4 Qd8 27. Rb1 Ng6 28. Be3 Ne5 29. Qe2 Ra5 30. f4 Ng6 31. Qd3 Qd6 32. Rb3 Ba4 33. Rb1 Be8 34. Ra1 Bb5 35. Qc3 Ra4 36. Be6+ Kf8 37. Bd4 Rc4 38. Qb2 Nxf4 39. Rd1 Nh5 40. Qxb5 Qe7 41. Qxc4 1-0

[Event "Mittelfrankenliga-B1 0506"]
[Site "Germany"]
[Date "2005.12.04"]
[Round "3.8"]
[White "Hofmann, Benjamin"]
[Black "Heller, Michael"]
[Result "0-1"]
[WhiteElo "1877"]
[BlackElo "1705"]
[PlyCount "38"]
[EventDate "2005.10.16"]
[EventType "team"]
[EventRounds "9"]
[EventCountry "GER"]
[SourceTitle "EXT 2007"]
[Source "ChessBase"]
[SourceDate "2006.11.23"]
[SourceVersion "1"]
[SourceVersionDate "2006.11.23"]
[SourceQuality "1"]

1. e4 c5 2. c3 Nc6 3. d4 cxd4 4. cxd4 e6 5. Nf3 d5 6. e5 Bb4+ 7. Nc3 Nge7 8. a3 Ba5 9. Be2 a6 10. 0-0 Nf5 11. g4 Nh4 12. Kh1 Nxf3 13. Bxf3 Bb6 14. Be3 f6 15. exf6 Qxf6 16. g5 Qd8 17. Bh5+ g6 18. Bf3 Qd6 19. b4 Bc7 0-1